|
|
|
|
| LEADER |
00830cam a2200241 7i4500 |
| 001 |
0000037503 |
| 005 |
20210105090000.0 |
| 020 |
|
|
|a 9781416059875 (pbk.)
|
| 090 |
0 |
0 |
|a RD733.2
|b .T22 2010
|
| 100 |
1 |
|
|a Thompson, Jon C
|
| 245 |
1 |
0 |
|a Netter's concise orthopaedic anatomy
|c Jon C. Thompson ; illustrations by Frank H. Netter ; contributing illustrators, Carlos A.G. Machado, John A. Craig.
|
| 250 |
|
|
|a 2nd ed.
|
| 260 |
|
|
|a Philadelphia, PA.:
|b Saunders Elsevier,
|c 2010.
|
| 300 |
|
|
|a x, 404 p.:
|b col. ill.;
|c 23 cm.
|
| 650 |
0 |
0 |
|a Anatomy
|
| 650 |
0 |
0 |
|a Orthopedics
|
| 650 |
0 |
0 |
|a Human anatomy
|
| 650 |
0 |
0 |
|a Orthopedic procedures
|
| 700 |
1 |
|
|a Craig, John A.
|
| 700 |
1 |
|
|a Machado, Carlos A. G.
|
| 700 |
1 |
|
|a Netter, Frank H.
|
| 997 |
|
|
|a Health Sciences, Faculty
|
| 999 |
|
|
|a 0000046894
|b BOK
|c OPEN SHELF
|e 1st Floor, Shah Alam
|